000 00386 a2200145 4500
999 _c4900
_d4900
020 _a0869222546
050 _aPL8842 NYA 1975
100 _aNyamambi, Amon "Maqhu"
245 _aIzaga /
_cziqoqwe nguAmon Nyamambi loPamba Mpofu
264 _aGweru
_bMambo Press
_c1975
300 _a127p. :
500 _aNdebele proverbs
650 _aNdebele proverbs
942 _2lcc
_cBK
_h8842
_iNYA
_kPL